000 00593nam a2200181 u 4500
001 000582842
003 AM-YeHGA
005 20250617141302.0
008 080526s1973 ||| r 000 0 rus d
040 _aAM-YeHGA
041 0 _arus
100 1 _aФедорова, Аида Петровна
245 1 0 _aБарьер :
_bСтихи. Поэмы /
_cАида Федорова.
260 _aКрасноярск :
_bКраснояр. кн. изд-во,
_c1973.
300 _a102 с. :
_bпортр. ;
_c15 см.
653 0 _aРусская советская поэзия
090 _c237329
999 _c235763
_d235763